[Event "Montreal Varennes U1500 op"]
[Site "Montreal"]
[Date "2011.11.06"]
[Round "4"]
[White "Jomphe, Denis"]
[Black "Gervais, Marcel"]
[Result "1-0"]
[WhiteElo "1257"]
[BlackElo "1333"]
[PlyCount "63"]
[EventDate "2011.11.04"]
[EventType "swiss"]
[EventRounds "5"]
[EventCountry "CAN"]
[SourceTitle "EXT 2022"]
[Source "ChessBase"]
[SourceDate "2021.10.06"]
[SourceVersion "1"]
[SourceVersionDate "2021.10.06"]
[SourceQuality "1"]

1. e4 e5 2. Nf3 Nc6 3. d4 exd4 4. Nxd4 Bc5 5. c3 Nf6 6. Bd3 Nxd4 7. cxd4 Bxd4 8. 0-0 0-0 9. Nc3 d6 10. Bg5 h6 11. Bd2 Be5 12. f4 Bd4+ 13. Kh1 Ng4 14. Be1 Ne3 15. Qf3 Nxf1 16. Bxf1 Bf6 17. Rd1 Be7 18. Nd5 c6 19. Nxe7+ Qxe7 20. Bc3 Qh4 21. Rd3 Bg4 22. Qe3 Qe7 23. Qg3 Qxe4 24. Qxg4 Qg6 25. Qd1 d5 26. Bxg7 Rfe8 27. Be5 Kh7 28. Rg3 Qxg3 29. hxg3 f6 30. Bd3+ Kg7 31. Qg4+ Kf8 32. Bxf6 1-0

[Event "Montreal Varennes U1500 op"]
[Site "Montreal"]
[Date "2011.11.06"]
[Round "5"]
[White "Poulin, Marc"]
[Black "Jomphe, Denis"]
[Result "0-1"]
[WhiteElo "1068"]
[BlackElo "1257"]
[PlyCount "124"]
[EventDate "2011.11.04"]
[EventType "swiss"]
[EventRounds "5"]
[EventCountry "CAN"]
[SourceTitle "EXT 2022"]
[Source "ChessBase"]
[SourceDate "2021.10.06"]
[SourceVersion "1"]
[SourceVersionDate "2021.10.06"]
[SourceQuality "1"]

1. d4 Nf6 2. Bg5 e6 3. e4 Be7 4. Nd2 d5 5. e5 Nfd7 6. Bxe7 Qxe7 7. a3 c5 8. Qg4 f6 9. Ngf3 Nc6 10. Bb5 cxd4 11. Bxc6 bxc6 12. Qxd4 c5 13. Qf4 0-0 14. exf6 Nxf6 15. Ne5 Bb7 16. f3 Qd6 17. Qe3 Ba6 18. f4 Rab8 19. b3 Nd7 20. Nxd7 Qxd7 21. Qxc5 Rxf4 22. 0-0-0 Rc8 23. Qa5 Qc6 24. c4 dxc4 25. b4 Rf5 26. b5 Rxb5 27. Qc3 Rd5 28. Nb1 Bb5 29. Kb2 Ba4 30. Rd2 Rb8+ 31. Ka1 Rb3 32. Qc1 Rdb5 33. Rd8+ Kf7 34. Rf1+ Rf5 35. Rxf5+ exf5 36. Qd2 Qf6+ 37. Qd4 Rb7 38. Qxf6+ Kxf6 39. Rd4 Rc7 40. Nc3 Bd7 41. Nd5+ Ke5 42. Rd1 Rc5 43. Nc3 Be6 44. Kb2 g5 45. Re1+ Kf6 46. g4 Re5 47. Rf1 f4 48. Rf2 Bxg4 49. Rd2 Be6 50. a4 f3 51. Nb5 Re2 52. Kc2 Rxd2+ 53. Kxd2 Bd7 54. Nc3 Ke5 55. Ke3 g4 56. a5 h5 57. Kf2 Kd4 58. Nd1 c3 59. Ne3 Kd3 60. h3 c2 61. Nxc2 Kxc2 62. h4 Kb3 0-1